| 000 | 00520nam a22001817a 4500 | ||
|---|---|---|---|
| 003 | BD-DhUL | ||
| 005 | 20190905160150.0 | ||
| 008 | 181017s1923 pk ||||| |||| 00| 0 urd d | ||
| 040 |
_aBD-DhUL _cBD-DhUL |
||
| 082 |
_a954.083 _bHUA |
||
| 100 | 1 | 0 | _aحسن، سید ظفر۔۔ |
| 245 | 0 | 0 |
_aایام غدر / _cسید ظفر حسن۔ |
| 246 | _aAyyām-e Ghadar | ||
| 260 |
_aلاہور : _bدار الاشاعت، _c۱۹۲۳۔ |
||
| 300 |
_aص۔ ۱۷۲ ؛ _c۲۲ سم۔ |
||
| 651 | 4 |
_aIndia _xHistory. |
|
| 942 |
_2ddc _cBK |
||
| 999 |
_c249617 _d249617 |
||